| Tag |
First Indicator |
Second Indicator |
Subfields |
| LEADER |
00000cam a2200000 4500 |
| 001 |
in00001301321 |
| 005 |
20151005050711.0 |
| 007 |
hd af||||b|c| |
| 008 |
760319s1966 iaua ab 000 0 eng |
| 010 |
|
|
|a 67065687
|
| 035 |
|
|
|a (OCoLC)02059432
|
| 035 |
|
|
|9 AHA3849AM
|
| 040 |
|
|
|a DLC
|c LUU
|d NRC
|d TXA
|d UtOrBLW
|
| 049 |
|
|
|a TXAI
|
| 050 |
0 |
0 |
|a HD1765 1966
|b .H352
|
| 082 |
0 |
0 |
|a 338.1
|
| 099 |
|
|
|a film S
|a 1044 no.27
|
| 100 |
1 |
|
|a Heady, Earl O.
|q (Earl Orel),
|d 1916-1986.
|
| 245 |
1 |
0 |
|a U.S. agriculture in 1980 /
|c [by] Earl O. Heady.
|
| 264 |
|
1 |
|a Ames :
|b Center for Agricultural and Economic Development, Iowa, State University of Science and Technology,
|c 1966.
|
| 300 |
|
|
|a 19 leaves :
|b illustrations ;
|c 28 cm.
|
| 336 |
|
|
|a text
|b txt
|2 rdacontent
|
| 337 |
|
|
|a microform
|b h
|2 rdamedia
|
| 338 |
|
|
|a microfilm reel
|b hd
|2 rdacarrier
|
| 490 |
1 |
|
|a CAED report ;
|v 27
|
| 504 |
|
|
|a Bibliographical footnotes.
|
| 533 |
|
|
|a Microfilm.
|b Stoughton, Mass. :
|c Graphic Microfilm Division.
|d 1984,
|e 1 of 5 reels ; 35 mm.
|
| 500 |
|
|
|a Microform.
|
| 650 |
|
0 |
|a Agriculture
|x Economic aspects
|z United States.
|
| 830 |
|
0 |
|a CAED report ;
|v 27.
|
| 999 |
|
|
|a MARS
|
| 999 |
f |
f |
|s f70b4474-b213-3686-bbfd-4f6eb35e277f
|i 2c4655a9-6089-3ad0-8f4b-bf684d2b2168
|t 0
|
| 952 |
f |
f |
|p default
|a Texas A&M University
|b College Station
|c Sterling C. Evans Library
|d Evans: Microforms (3rd floor)
|t 0
|e film S 1044 no.27
|h Other scheme
|i microform -- microfilm reel
|
| 998 |
f |
f |
|a film S 1044 no.27
|t 0
|l Evans: Microforms (3rd floor)
|